Southville International School and Colleges
Your cart is empty.
  • Cart
  • Lists
    Public lists Eva Luna New books Lux_list list_1
    Your lists Log in to create your own lists
  • Log in to your account
  • Your cookies
  • Search history
Southville International School and Colleges
  • Advanced search
  • Recent comments
  • Most popular
  • Libraries

Log in to your account

Log in with GOOGLE


If you do not have an external account, but do have a local account, you can still log in:

  1. Home
  2. MARC view: War storm /
Normal view MARC view ISBD view

War storm / (Record no. 368630)

[ view plain ]
MARC details
000 -LEADER
fixed length control field 01062nam a22002657a 4500
003 - CONTROL NUMBER IDENTIFIER
control field 0
005 - DATE AND TIME OF LATEST TRANSACTION
control field 20251113154844.0
008 - FIXED-LENGTH DATA ELEMENTS--GENERAL INFORMATION
fixed length control field 251113b xxu||||| |||| 00| 0 eng d
020 ## - INTERNATIONAL STANDARD BOOK NUMBER
International Standard Book Number 978-0-06-284271-8
050 ## - LIBRARY OF CONGRESS CALL NUMBER
Classification number PZ 7.1
Item number .A9529 War 2018
100 ## - MAIN ENTRY--PERSONAL NAME
Personal name Aveyard, Victoria,
Relator term author.
245 ## - TITLE STATEMENT
Title War storm /
Statement of responsibility, etc Victoria Aveyard.
260 ## - PUBLICATION, DISTRIBUTION, ETC. (IMPRINT)
Place of publication, distribution, etc New York :
Name of publisher, distributor, etc HarperTeen, an imprint of HarperCollins Publishers,
Date of publication, distribution, etc 2018.
300 ## - PHYSICAL DESCRIPTION
Extent 662 pages ;
Dimensions 23 cm.
490 ## - SERIES STATEMENT
Series statement Red Queen ;
Volume number/sequential designation book 4
500 ## - GENERAL NOTE
General note Sequel to: King’s cage.<br/>Final book in the Red Queen series.
520 ## - SUMMARY, ETC.
Summary, etc Mare Barrow faces her greatest challenge as alliances shift and betrayal threatens to destroy everything she has fought for in the final battle between the Scarlet Guard and the divided Silver kingdom.<br/>
650 ## - SUBJECT ADDED ENTRY--TOPICAL TERM
Topical term or geographic name as entry element Insurgency
Form subdivision Juvenile fiction.
650 ## - SUBJECT ADDED ENTRY--TOPICAL TERM
Topical term or geographic name as entry element Social classes
Form subdivision Juvenile fiction.
650 ## - SUBJECT ADDED ENTRY--TOPICAL TERM
Topical term or geographic name as entry element Kings and rulers
Form subdivision Juvenile fiction.
650 ## - SUBJECT ADDED ENTRY--TOPICAL TERM
Topical term or geographic name as entry element Magic
Form subdivision Juvenile fiction.
650 ## - SUBJECT ADDED ENTRY--TOPICAL TERM
Topical term or geographic name as entry element Fantasy fiction.
830 ## - SERIES ADDED ENTRY--UNIFORM TITLE
Uniform title Red Queen ;
Version bk. 4.
942 ## - ADDED ENTRY ELEMENTS (KOHA)
Source of classification or shelving scheme Library of Congress Classification
Koha item type Books
Holdings
Withdrawn status Lost status Source of classification or shelving scheme Damaged status Home library Current library Shelving location Date acquired Source of acquisition Sub Shelving location Total Checkouts Full call number Barcode Date last seen Price effective from Koha item type
    Library of Congress Classification   Luxembourg Library Luxembourg Library Fiction Section 02/06/2025 Donation     PZ 7.1 .A9529 War 2018 21316 11/13/2025 11/13/2025 Books

War storm /

APA

Aveyard V., . (2018). War storm. New York: HarperTeen, an imprint of HarperCollins Publishers.

Chicago

Aveyard Victoria, . 2018. War storm. New York: HarperTeen, an imprint of HarperCollins Publishers.

Harvard

Aveyard V., . (2018). War storm. New York: HarperTeen, an imprint of HarperCollins Publishers.

MLA

Aveyard Victoria, . War storm. New York: HarperTeen, an imprint of HarperCollins Publishers. 2018.

  • Place hold
  • Print
  • Cite
  • Add to your cart (remove)
  • Save record
    BIBTEX Dublin Core MARCXML MARC (non-Unicode/MARC-8) MARC (Unicode/UTF-8) MARC (Unicode/UTF-8, Standard) MODS (XML) RIS
  • More searches
    Search for this title in:
    Other Libraries (WorldCat) Other Databases (Google Scholar) Online Stores (Bookfinder.com) Open Library (openlibrary.org)

Exporting to Dublin Core...

SOUTHVILLE LIBRARY

Southville International School and Colleges Library

1281 Tropical Ave. Cor. Luxembourg St., BF Homes International, Las Pinas City

Tel. No. 8256374 / 252358 Loc. 117/146

Powered by Koha